Missing Word: Films Set in China Quiz Stats

Quiz Updated Apr 13, 2018

Challenge
Share
Tweet
Embed
Score 0/16 Timer 04:00
10 Plays Today
Title Missing Word % Correct
Around the ____ in Eighty DaysWorld
97.7%
____ Fu PandaKung
97.2%
Crouching ____, Hidden DragonTiger
96%
The Adventures of ____ PoloMarco
95.3%
Mission: ____ IIIImpossible
91.3%
The ____ EmperorLast
87.5%
The ____ KidKarate
85.8%
Fist of ____Fury
52.7%
Title Missing Word % Correct
The Mummy: Tomb of the ____ EmperorDragon
30.5%
The Good ____Earth
28.2%
The Painted ____Veil
22.4%
Shanghai ____Express
19%
Lust, ____Caution
10.1%
The Amazing ____ AdventurePanda
8.5%
The ____ GestureShanghai
7.5%
The ____ CountessWhite
5.4%

Today's Daily Dose

Word Ladder
Antonym Clues II

Quick Pick
Movies of 2014

On This Day
April 24th II

You're not logged in!

Compare scores with friends on all Sporcle quizzes.
Sign Up with Email
OR
Log In

You Might Also Like...

Show Comments

Extras

Top Quizzes Today


Score Distribution

Your Account Isn't Verified!

In order to create a playlist on Sporcle, you need to verify the email address you used during registration. Go to your Sporcle Settings to finish the process.

Report this User

Report this user for behavior that violates our Community Guidelines.

Details: